000 01272cam a22003977a 4500
003 CHAP
005 20220817043540.0
008 990610d1997 it a r 00010 spa d
010 _a78203
011 _a79175
020 _a9253037296
035 _a89340
040 _cCHAP
082 _a636.08
_bF49Y 1995
110 _aFAO
245 0 _aLista mundial de vigilancia :
_bpara la diversidad de los animales domésticos
_c/ed. por Beate D. Scherf
250 _a2 ed.
260 _aRome :
_bFAO,
_c1997.
300 _a777p. :
_bilus.
500 _aEd. original en inglés de 1995
590 _aBATCH-UPD
_b10
_c20130110
_lUCH01
_h1155
590 _aBATCH-UPD
_b10
_c20130410
_lUCH01
_h0738
590 _aBATCH-UPD
_b10
_c20130914
_lUCH01
_h0450
590 _aCONVERSION
_b10
_c20130109
_lUCH01
_h1343
650 1 4 _aAnimales domesticos
_xHistoria y origen.
_95905
650 1 4 _aAves de corral
_xRazas.
_98679
650 1 4 _aBiodiversidad.
_912724
650 1 4 _aGanado
_xRazas.
_944950
650 1 4 _aRecursos genéticos.
_995078
650 1 4 _aVida silvestre.
_9119155
700 0 _aScherf, Beate D.
_eed.
_9102975
901 _aBK
905 _aLilia Sánchez G.
942 _cLIBRO
949 _a636.08 F49Y 1995
_bBC
_cFAO
_d33724000726816
_eFAO1
_h95638
_i89340
_kDonaciØn
_sb
999 _c78203
_d78203